| 000 | 00381nam a2200169Ia 4500 | ||
|---|---|---|---|
| 008 | 210210b1912 xxu||||| |||| 00| 0 eng d | ||
| 041 | _aeng | ||
| 082 | _a829/72 | ||
| 100 | _aBENSON (R H) | ||
| 245 | _aCome rack come pope | ||
| 260 |
_aLondon _bHutchinson & Co _c1912 |
||
| 650 | _arack | ||
| 650 | _apope | ||
| 650 | _aCome | ||
| 690 | _aEnglish Fiction | ||
| 906 | _a016682 | ||
| 999 |
_c136347 _d136347 |
||